<?xml version="1.0" encoding="UTF-8"?>
<marc:record xmlns:marc="http://www.loc.gov/MARC21/slim">
   <marc:leader>00000nam a2200000 a 4500</marc:leader>
   <marc:datafield ind1="1" ind2=" " tag="100">
      <marc:subfield code="a">McBean, Brett</marc:subfield>
      <marc:subfield code="4">aut</marc:subfield>
      <marc:subfield code="e">Verfasser/-in</marc:subfield>
   </marc:datafield>
   <marc:datafield ind1="1" ind2=" " tag="100">
      <marc:subfield code="a">Hummel, Doris</marc:subfield>
      <marc:subfield code="4">trl</marc:subfield>
      <marc:subfield code="e">Übersetzer/-in</marc:subfield>
   </marc:datafield>
   <marc:datafield ind1=" " ind2=" " tag="653">
      <marc:subfield code="a">Weltuntergang</marc:subfield>
   </marc:datafield>
   <marc:datafield ind1=" " ind2=" " tag="653">
      <marc:subfield code="a">Thriller</marc:subfield>
   </marc:datafield>
   <marc:datafield ind1=" " ind2=" " tag="653">
      <marc:subfield code="a">Horror</marc:subfield>
   </marc:datafield>
   <marc:datafield ind1=" " ind2=" " tag="653">
      <marc:subfield code="a">Science-Fiction</marc:subfield>
   </marc:datafield>
   <marc:datafield ind1=" " ind2=" " tag="653">
      <marc:subfield code="a">Softcover / Belletristik/Fantastische Literatur</marc:subfield>
   </marc:datafield>
   <marc:datafield ind1=" " ind2=" " tag="653">
      <marc:subfield code="a">Fantastische Literatur</marc:subfield>
   </marc:datafield>
   <marc:datafield ind1="0" ind2="0" tag="245">
      <marc:subfield code="a">Die Verdammten</marc:subfield>
   </marc:datafield>
   <marc:datafield ind1="0" ind2="0" tag="245">
      <marc:subfield code="b">Endzeit-Thriller</marc:subfield>
   </marc:datafield>
   <marc:datafield ind1="0" ind2="0" tag="245">
      <marc:subfield code="c">Brett McBean. Aus dem Engl. von Doris Hummel</marc:subfield>
   </marc:datafield>
   <marc:datafield ind1=" " ind2="1" tag="264">
      <marc:subfield code="a">Leipzig</marc:subfield>
      <marc:subfield code="b">Festa</marc:subfield>
      <marc:subfield code="c">2014</marc:subfield>
   </marc:datafield>
   <marc:datafield ind1="1" ind2=" " tag="490">
      <marc:subfield code="a">Horror-Taschenbuch</marc:subfield>
      <marc:subfield code="v">Bd. 70</marc:subfield>
   </marc:datafield>
   <marc:datafield ind1=" " ind2=" " tag="250">
      <marc:subfield code="a">Dt. Erstausg., 1. Aufl.</marc:subfield>
   </marc:datafield>
   <marc:datafield ind1="1" ind2=" " tag="520">
      <marc:subfield code="a">Angaben aus der Verlagsmeldung

Die Verdammten : Endzeit-Thriller Concrete Jungle + Neighbourhood Jungle + Suburban Jungle (Dreiteiler) / von Brett McBean

Kämpfe oder sterbe!

Beth Milburn will mit ihrer Tochter nach einem Shopping-Trip die Tiefgarage des Einkaufszentrums verlassen, als es passiert: Bäume brechen durch den Beton und verwandeln das Parkdeck in einen dichten Urwald. Der Weg nach draußen ist abgeschnitten. Als niemand zur Hilfe kommt, ahnen die Eingeschlossenen, dass ganze Landstriche von der rätselhaften Naturkatastrophe betroffen sind – möglicherweise sogar die ganze Welt.
So ist es tatsächlich: Das Recht des Stärkeren regiert. Wer sich nicht anpasst, stirbt. Mordende Banden streifen durch die Wildnis. Menschen werden zu Raubtieren, und ein gnadenloser Kampf ums Überleben in der neuen Weltordnung beginnt.

Ein packendes Endzeit-Szenario, das dir keine Zeit zum Durchatmen lässt!

Brian Keene: »McBeans Stimme muss man gehört haben – ein Hauch von Laymon und Koontz, doch absolut seine eigene.«

Tamara Thorne: »Brett McBean zwingt dich, immer weiterzulesen, auch wenn es dich schüttelt.«
</marc:subfield>
   </marc:datafield>
   <marc:datafield ind1=" " ind2=" " tag="020">
      <marc:subfield code="a">9783865522924</marc:subfield>
      <marc:subfield code="9">9783865522924</marc:subfield>
   </marc:datafield>
   <marc:datafield ind1=" " ind2=" " tag="020">
      <marc:subfield code="a">3865522920</marc:subfield>
      <marc:subfield code="9">3865522920</marc:subfield>
   </marc:datafield>
   <marc:datafield ind1=" " ind2=" " tag="041">
      <marc:subfield code="a">ger</marc:subfield>
   </marc:datafield>
   <marc:datafield ind1=" " ind2=" " tag="300">
      <marc:subfield code="a">586 S.</marc:subfield>
   </marc:datafield>
</marc:record>
